00401nam a2200157Ia 4500001000500000005001700005008004100022041000800063082001500071100003400086245007200120260000900192300002600201650000800227654000800235809220260306160543.0260306t2008||||xx |||||||||||||| ||spa|| aESP a370.1bP46 aPérez Sánchez, PabloeAUT 0aPresencia de la filosofía y psicología en la pedagogía actual c2008 a349 páginasc20 cm. aGEN aCED